[Event "Niedersachsen-ch"]
[Site "Verden"]
[Date "2023.01.05"]
[Round "2"]
[White "Laubsch, Bernd"]
[Black "Riemay, David"]
[Result "0-1"]
[WhiteElo "2290"]
[BlackElo "2187"]
[PlyCount "76"]
[EventDate "2023.01.05"]
[EventType "swiss"]
[EventRounds "7"]
[EventCountry "GER"]
[SourceTitle "CBM 212 Extra"]
[Source "ChessBase"]
[SourceDate "2023.03.31"]
[SourceVersion "1"]
[SourceVersionDate "2023.03.31"]
[SourceQuality "1"]

1. e4 d6 2. d4 Nf6 3. Nc3 g6 4. f3 c6 5. Be3 b5 6. Qd2 Nbd7 7. a4 b4 8. Nd1 a5 9. c4 Bg7 10. h4 h5 11. Nh3 0-0 12. Be2 e6 13. Ndf2 c5 14. Rd1 Bb7 15. Bh6 Qe7 16. 0-0 d5 17. e5 Nh7 18. Bxg7 Kxg7 19. Qf4 Rac8 20. b3 Ba6 21. Rfe1 dxc4 22. Ne4 cxd4 23. Nd6 d3 24. Bf1 cxb3 25. Nxc8 Rxc8 26. Nf2 Nc5 27. Bxd3 Bxd3 28. Nxd3 Nxa4 29. Kh2 Nc3 30. Rd2 Nd5 31. Qd4 g5 32. Nb2 g4 33. Kg3 gxf3 34. gxf3 Nf8 35. Ra1 Ng6 36. Rxa5 Ndf4 37. Rh2 Rc2 38. Ra7 Qxh4+ 0-1

[Event "Oberliga Nord W 2122"]
[Site "Germany"]
[Date "2021.12.12"]
[Round "4.1"]
[White "Riemay, David"]
[Black "Hoffmann, Alexander"]
[Result "0-1"]
[WhiteElo "2167"]
[BlackElo "2403"]
[PlyCount "112"]
[EventDate "2021.10.10"]
[EventType "team-tourn"]
[EventRounds "9"]
[EventCountry "GER"]
[SourceTitle "EXT 2023"]
[Source "ChessBase"]
[SourceDate "2022.10.05"]
[SourceVersion "1"]
[SourceVersionDate "2022.10.05"]
[SourceQuality "1"]
[WhiteTeam "Salzgitter"]
[BlackTeam "Hellern"]
[WhiteTeamCountry "GER"]
[BlackTeamCountry "GER"]

1. d4 Nf6 2. e3 g6 3. b3 Bg7 4. Bb2 0-0 5. Nf3 c5 6. Be2 cxd4 7. exd4 d5 8. 0-0 Nc6 9. Nbd2 Bf5 10. Re1 Nb4 11. c3 Nc2 12. Nh4 Nxe1 13. Nxf5 gxf5 14. Qxe1 e6 15. Bd3 Rc8 16. Rc1 Qa5 17. a4 Rfd8 18. f3 Qc7 19. Qh4 h6 20. Nf1 Qb6 21. b4 Qd6 22. Rc2 Qf8 23. Bc1 Rd7 24. Bf4 a6 25. Ng3 Rdc7 26. Bxc7 Rxc7 27. Ne2 a5 28. bxa5 Qa3 29. h3 Qxa4 30. g4 fxg4 31. hxg4 Qxa5 32. g5 hxg5 33. Qxg5 Kf8 34. Kf2 Rc8 35. Rc1 Qd8 36. Rg1 Ne8 37. Qg4 Qf6 38. Ke3 Nd6 39. Kd2 Ra8 40. Rb1 Ra2+ 41. Ke1 Qh6 42. Qg3 e5 43. Kf2 Bf6 44. Kf1 Qh1+ 45. Kf2 Qh6 46. Kf1 Qd2 47. f4 e4 48. f5 Nxf5 49. Qb8+ Kg7 50. Bb5 Qe3 51. Qh2 Rxe2 52. Bxe2 Ng3+ 53. Ke1 Qxc3+ 54. Kd1 Qxd4+ 55. Kc2 Qc3+ 56. Kd1 Bg5 0-1

[Event "GER-ch Net blitz qual4"]
[Site "Playchess.com INT"]
[Date "2020.03.23"]
[Round "8"]
[White "Riemay, David"]
[Black "Waffenschmidt, Joachim"]
[Result "1-0"]
[WhiteElo "2204"]
[BlackElo "2070"]
[PlyCount "51"]
[EventDate "2020.03.23"]
[EventType "swiss (blitz)"]
[EventRounds "9"]
[EventCountry "GER"]
[SourceTitle "CBM 195 Extra"]
[Source "ChessBase"]
[SourceDate "2020.05.31"]
[SourceVersion "1"]
[SourceVersionDate "2020.05.31"]
[SourceQuality "1"]

1. d4 d5 2. Nf3 Nf6 3. Bf4 e6 4. e3 Bd6 5. Bg3 0-0 6. Bd3 c5 7. c3 Nc6 8. Nbd2 b6 9. 0-0 Bxg3 10. hxg3 Bb7 11. Ne5 Nxe5 12. dxe5 Nd7 13. f4 f6 14. Qh5 f5 15. g4 g6 16. Qh3 Rf7 17. Nf3 Nf8 18. Ng5 Rd7 19. gxf5 exf5 20. g4 d4 21. cxd4 cxd4 22. gxf5 dxe3 23. fxg6 Rxd3 24. gxh7+ Kh8 25. Nf7+ Kg7 26. h8Q+ 1-0

[Event "GER-ch Net blitz qual3"]
[Site "Playchess.com INT"]
[Date "2020.03.21"]
[Round "3"]
[White "Riemay, David"]
[Black "Ribbe, Juergen"]
[Result "1/2-1/2"]
[WhiteElo "2204"]
[BlackElo "1982"]
[PlyCount "112"]
[EventDate "2020.03.21"]
[EventType "swiss (blitz)"]
[EventRounds "9"]
[EventCountry "GER"]
[SourceTitle "CBM 195 Extra"]
[Source "ChessBase"]
[SourceDate "2020.05.31"]
[SourceVersion "1"]
[SourceVersionDate "2020.05.31"]
[SourceQuality "1"]

1. d4 g6 2. e4 Bg7 3. Be3 d6 4. Nc3 c6 5. Qd2 Qa5 6. f3 Nd7 7. Nge2 a6 8. h4 h5 9. g4 b5 10. Ng3 hxg4 11. fxg4 Nb6 12. b3 Bxg4 13. a3 b4 14. Nce2 c5 15. Bg2 Rc8 16. 0-0 Rxh4 17. dxc5 dxc5 18. axb4 Qxb4 19. Qxb4 cxb4 20. Bxb6 Bxa1 21. Rxa1 Rxc2 22. Nd4 Rd2 23. e5 Rd1+ 24. Rxd1 Bxd1 25. e6 Nf6 26. exf7+ Kxf7 27. Bf3 Rxd4 28. Bxd4 Bxf3 29. Kf2 Bd5 30. Bc5 a5 31. Bb6 Bxb3 32. Bxa5 Be6 33. Bxb4 Ng4+ 34. Kf3 Ne5+ 35. Ke4 Nc6 36. Bc3 Bb3 37. Ne2 Bd1 38. Nd4 Nxd4 39. Bxd4 Ke6 40. Kf4 Kd5 41. Bg7 Bc2 42. Bb2 Bf5 43. Bg7 e6 44. Bb2 Kd6 45. Be5+ Ke7 46. Kg5 Kf7 47. Bf6 Ke8 48. Be5 Kd7 49. Kf6 Kc6 50. Kg5 Kd5 51. Bf6 Ke4 52. Bc3 e5 53. Kf6 Kf3 54. Bxe5 Kg4 55. Bc3 Bd3 56. Bd2 Kh5 1/2-1/2

[Event "Niedersachsen-ch"]
[Site "Verden an der Aller"]
[Date "2020.01.03"]
[Round "3"]
[White "Mueer, Sebastian"]
[Black "Riemay, David"]
[Result "0-1"]
[WhiteElo "2212"]
[BlackElo "2139"]
[PlyCount "66"]
[EventDate "2020.01.02"]
[EventType "swiss"]
[EventRounds "7"]
[EventCountry "GER"]
[SourceTitle "EXT 2021"]
[Source "ChessBase"]
[SourceDate "2020.10.23"]
[SourceVersion "1"]
[SourceVersionDate "2020.10.23"]
[SourceQuality "1"]

1. d4 d5 2. Bf4 c5 3. e3 Nc6 4. Nf3 Nf6 5. Nbd2 cxd4 6. exd4 Qb6 7. Nb3 Bg4 8. Be2 e6 9. 0-0 Be7 10. c3 0-0 11. h3 Bh5 12. Bd3 a5 13. Rb1 Ne4 14. Nbd2 Bd6 15. Bxd6 Nxd6 16. Qe2 a4 17. Qe3 Rfe8 18. Qf4 Qd8 19. Rbe1 Ne7 20. Re3 Bg6 21. Ne5 Bxd3 22. Nxd3 Ng6 23. Qh2 b5 24. Rfe1 Nc4 25. Nxc4 bxc4 26. Nb4 a3 27. bxa3 Rxa3 28. Qg3 Rf8 29. Qg4 Ne7 30. Qd1 Qc7 31. Rg3 g6 32. Qa1 Rfa8 33. h4 h5 0-1